000 02094cam a2200637 4500
008 000000n2002 000 0 eng u
020 _a1900915227
035 _a(Sirsi) u121792
041 _aeng
050 _a690.241
_c18
110 _aBuilding Conservation Directory
_93988
245 _aHistoric churches
_bthe conservation and repair of ecclesiastical buildings
250 _a9th ed.
260 _aTisbury
_bCathedral Communications
_c2002
300 _a56p.
_bill.
_c30cm.
350 _a5.95
490 _aBuilding Conservation Directory Special Report
_v1
505 _aTin tabernacles
505 _aBridge chapels
505 _aVAT anbd the Listed Places of Worship Grant Scheme
505 _aSt Eilian's Church, Anglesey
505 _aBefore Big Ben
505 _aLead in stained glass windows
505 _aIn trust
505 _aSurvey access
505 _aEcclesiastical law and the Church of England
505 _aRebuilding a church spire
505 _aThe analysis of mortar
505 _aPainting historic ironwork
505 _aOrgan builders and restorers map
520 _aAn annual looking at issues surrounding the conservation and repair of churches which includes a directory of useful orgnaisations, products and services.
650 _aBRIDGE CHAPELS
650 _aCHAPELS
650 _aCHURCHES
650 _aECCLESIASTICAL LAW
650 _aGALVERNISED CORRUGATED IRON
650 _aIRONWORK
650 _aLISTED PLACES OF WORSHIP GRANT SCHEME
650 _aMORTARS
650 _aSPIRES
650 _aVALUE ADDED TAX
690 _aBUILT ENVIRONMENT-BUILDING MAINTENANCE AND REFURBISHMENT-BUILDING CONSERVATION
700 _aTaylor, Jonathan
_xEditor
700 _aInduni, Liz
700 _aGreen, Edward
700 _aGriffin, Nicola
700 _aVoelcker, Adam
700 _aBetts, Jonathan
700 _aStrobl, Sebastian
700 _aTaylor, Jonathan
700 _aFairclough, Alexandria
700 _aHoath, John
700 _aEllis, Peter
700 _aBlackney, Keith
942 _n0
999 _c102738
_d102738